An Asynchronous Electric Drive with the Indirect Control of the Output Variables; MATEC Web of Conferences; Vol. 91 : Smart Grids 2017

Bibliografiske detaljer
Parent link:MATEC Web of Conferences
Vol. 91 : Smart Grids 2017.— 2017.— [01039, 6 p.]
Institution som forfatter: Национальный исследовательский Томский политехнический университет (ТПУ) Энергетический институт (ЭНИН) Кафедра электропривода и электрооборудования (ЭПЭО)
Andre forfattere: Glazachev A. V. Aleksandr Vladimirovich, Dementiev Yu. N. Yuriy Nikolaevich, Rakov I. V. Ivan, Umurzakova A. D. Anara Daukenovna
Summary:Title screen
The article gives a mathematical description of an asynchronous motor with a device of indirect control of the electromagnetic torque and the angular velocity of the asynchronous motor in the electric drive that allows to prove on its basis the method of monitoring the output variables of the asynchronous electric motor. The simulation model of an asynchronous motor with a device of indirect control of the output variables of the asynchronous motor and the main results of the study have been given.
Sprog:engelsk
Udgivet: 2017
Fag:
Online adgang:http://dx.doi.org/10.1051/matecconf/20179101039
http://earchive.tpu.ru/handle/11683/36625
Format: MixedMaterials Electronisk Book Chapter
KOHA link:https://koha.lib.tpu.ru/cgi-bin/koha/opac-detail.pl?biblionumber=652918

MARC

LEADER 00000nla2a2200000 4500
001 652918
005 20231226113852.0
035 |a (RuTPU)RU\TPU\network\18289 
035 |a RU\TPU\network\18288 
090 |a 652918 
100 |a 20170201a2017 k y0engy50 ba 
101 0 |a eng 
105 |a y z 100zy 
135 |a drcn ---uucaa 
181 0 |a i  
182 0 |a b 
200 1 |a An Asynchronous Electric Drive with the Indirect Control of the Output Variables  |f A. V. Glazachev [et al.] 
203 |a Text  |c electronic 
300 |a Title screen 
320 |a [References: 11 tit.] 
330 |a The article gives a mathematical description of an asynchronous motor with a device of indirect control of the electromagnetic torque and the angular velocity of the asynchronous motor in the electric drive that allows to prove on its basis the method of monitoring the output variables of the asynchronous electric motor. The simulation model of an asynchronous motor with a device of indirect control of the output variables of the asynchronous motor and the main results of the study have been given. 
461 0 |0 (RuTPU)RU\TPU\network\4526  |t MATEC Web of Conferences 
463 0 |0 (RuTPU)RU\TPU\network\17893  |t Vol. 91 : Smart Grids 2017  |o The Fourth International Youth Forum, October 10-14, 2016, Tomsk, Russia  |o [proceedings]  |f National Research Tomsk Polytechnic University (TPU) ; eds P. A. Strizhak ; G. V. Kuznetsov ; A. O. Zhdanova  |v [01039, 6 p.]  |d 2017 
610 1 |a электронный ресурс 
610 1 |a труды учёных ТПУ 
610 1 |a асинхронные электроприводы 
610 1 |a математическое описание 
610 1 |a косвенный контроль 
610 1 |a электромагнитные моменты 
610 1 |a угловые скорости 
701 1 |a Glazachev  |b A. V.  |c specialist in the field of electronics  |c Associate Professor of Tomsk Polytechnic University, Candidate of technical sciences  |f 1974-  |g Aleksandr Vladimirovich  |3 (RuTPU)RU\TPU\pers\36597  |9 19639 
701 1 |a Dementiev  |b Yu. N.  |c specialist in the field of electrical engineering  |c Head of the Department of Tomsk Polytechnic University, candidate of technical sciences  |f 1953-  |g Yuriy Nikolaevich  |3 (RuTPU)RU\TPU\pers\34134 
701 1 |a Rakov  |b I. V.  |g Ivan 
701 1 |a Umurzakova  |b A. D.  |c specialist in the field of electrical engineering  |c technician of Tomsk Polytechnic University  |f 1972-  |g Anara Daukenovna  |3 (RuTPU)RU\TPU\pers\36595  |9 19637 
712 0 2 |a Национальный исследовательский Томский политехнический университет (ТПУ)  |b Энергетический институт (ЭНИН)  |b Кафедра электропривода и электрооборудования (ЭПЭО)  |3 (RuTPU)RU\TPU\col\18674 
801 2 |a RU  |b 63413507  |c 20170203  |g RCR 
856 4 |u http://dx.doi.org/10.1051/matecconf/20179101039 
856 4 |u http://earchive.tpu.ru/handle/11683/36625 
942 |c CF